000 00773nam a2200229 u 4500
005 20240320063713.0
008 100521s2007 es r 000 0 spa d
020 _a9788466369985
035 _aUPN01000176013
049 _aCG
050 4 _aPS3551 L8
_bE5.38a
100 1 _aAlvarez, Julia,
_d1950-
_930242
245 1 0 _aEn el tiempo de las mariposas /
_cJulia Alvarez ; tr. Rolando Costa Picazo.
260 _aMadrid :
_bPunto de Lectura,
_c2007.
300 _a487 p.
440 0 _aPunto de lectura ;
_v204/2
534 _pTítulo original:
_tIn the time of the butterflies
650 4 _aMUJERES REVOLUCIONARIAS -
_vNOVELA
_916240
651 4 _aREPUBLICA DOMINICANA -
_xHISTORIA -
_y1930-1961-
_vNOVELA
_913557
650 4 _aNovela estadounidense
_94462
905 _aLibro
999 _c148116
_d148116